00826cam a2200253 a 450000100090000000300050000900500170001400800410003101000170007202000180008902500220010703500210012903700600015004000180021004200100022805000260023808200170026410000320028124501110031326000480042430000270047265000480049970000250054711861380Nust20170313132331.0990921s1999 ii 000 1 eng  a 99939195  a9780140289190 aI-E-99-939195; 27 a(DLC) 99939195 bLibrary of Congress -- New Delhi Field OfficecRs395.00 aDLCcDLCdDLC alcode00aPR9499.3.N3bT69 199900a823.912bNAR1 aNarayan, R. K.,d1906-2001.12aA town called Malgudi :bthe finest fiction of R.K. Narayan /cedited with an introduction by S. Krishnan. aNew Delhi ;aNew York, NY :bViking,c1999. axxii, 642 p. ;c23 cm. 0aMalgudi (India : Imaginary place)xFiction.1 aKrishnan, S.,d1925-